Design Thinking (Record no. 95146)

MARC details
000 -LEADER
fixed length control field 00527nam a2200205Ia 4500
008 - FIXED-LENGTH DATA ELEMENTS--GENERAL INFORMATION
fixed length control field 230125s9999 xx 000 0 und d
020 ## - INTERNATIONAL STANDARD BOOK NUMBER
International Standard Book Number 978-81-265-7306-6
041 ## - LANGUAGE CODE
Language code of text/sound track or separate title eng
082 ## - DEWEY DECIMAL CLASSIFICATION NUMBER
Classification number 658
Item number LUC
100 ## - MAIN ENTRY--PERSONAL NAME
Personal name Luchs M
9 (RLIN) 117369
245 ## - TITLE STATEMENT
Title Design Thinking
260 ## - PUBLICATION, DISTRIBUTION, ETC. (IMPRINT)
Date of publication, distribution, etc. 2018
Name of publisher, distributor, etc. Wiley Publication
Place of publication, distribution, etc. New Delhi
300 ## - PHYSICAL DESCRIPTION
Extent 431p
440 ## - SERIES STATEMENT/ADDED ENTRY--TITLE
Volume/sequential designation 5
500 ## - GENERAL NOTE
Keywords Design Thinking;General Management;
650 ## - SUBJECT ADDED ENTRY--TOPICAL TERM
Topical term or geographic name as entry element Management
700 ## - ADDED ENTRY--PERSONAL NAME
Personal name Luchs M; Swan S K & Griffin A
9 (RLIN) 117370
906 ## - LOCAL DATA ELEMENT F, LDF (RLIN)
b 27
Holdings
Withdrawn status Lost status Damaged status Not for loan Home library Current library Date acquired Vendor Cost, normal purchase price Bill number Total Checkouts Full call number Barcode Date last seen Cost, replacement price Bill Date Koha item type Original Barcode Checked out Date last checked out
        Smt. Hiraben Nanavati Institute of Management & Research for Women Smt. Hiraben Nanavati Institute of Management & Research for Women 13/01/2019 Pritam Book Centre 999.00 10744   658 LUC B17786 HIMR-BK-17786 25/01/2023 972.00 10/01/2019 Books B17786    
        Smt. Hiraben Nanavati Institute of Management & Research for Women Smt. Hiraben Nanavati Institute of Management & Research for Women 13/01/2019 Pritam Book Centre 999.00 10744   658 LUC B17787 HIMR-BK-17787 25/01/2023 972.00 10/01/2019 Books B17787    
        Smt. Hiraben Nanavati Institute of Management & Research for Women Smt. Hiraben Nanavati Institute of Management & Research for Women 13/01/2019 Pritam Book Centre 999.00 10744   658 LUC B17788 HIMR-BK-17788 25/01/2023 972.00 10/01/2019 Books B17788    
        Smt. Hiraben Nanavati Institute of Management & Research for Women Smt. Hiraben Nanavati Institute of Management & Research for Women 13/01/2019 Pritam Book Centre 999.00 10744   658 LUC B17789 HIMR-BK-17789 25/01/2023 972.00 10/01/2019 Books B17789    
        Smt. Hiraben Nanavati Institute of Management & Research for Women Smt. Hiraben Nanavati Institute of Management & Research for Women 13/01/2019 Pritam Book Centre 999.00 10744 1 658 LUC B17790 HIMR-BK-17790 08/01/2026 972.00 10/01/2019 Books B17790 07/07/2026 08/01/2026